000 00719nam a22002657a 4500
001 BR9403512
003 BR-BrBNA
005 20230928094034.0
007 ta
008 230509b bl.||||| |||| 00| 0 por d
040 _aBR-BrBNA
_bpor
_cBiblioteca Nacional de Agricultura
041 _a(Por)
072 _aP05
090 _ P05 BR9403512
110 1 _aCompanhia Energetica de Minas Gerais, Belo Horizonte (Brasil)
_92426
245 1 _aEnergia e economia em Minas Gerais - 1978/1983
260 3 _aBelo Horizonte, MG (Brasil):
_c1985.
300 _a234 p.
650 _aEnergia
650 _aEconomia
650 _aConsumo
650 _aMinas Gerais
909 _a202309
_bLucia
_c55
_dLucia Elande
942 _cBK
999 _c48548
_d48548